El oro de los sueños : (Registro nro. 3598)

Detalles MARC
000 -LEADER
fixed length control field 01337nam a2200229Ia 4500
003 - CONTROL NUMBER IDENTIFIER
control field OSt
005 - DATE AND TIME OF LATEST TRANSACTION
control field 20250611161556.0
008 - FIXED-LENGTH DATA ELEMENTS--GENERAL INFORMATION
fixed length control field 191128s1989 ck a jr 000 f spa d
020 ## - INTERNATIONAL STANDARD BOOK NUMBER
International Standard Book Number 9582400595
040 ## - CATALOGING SOURCE
Original cataloging agency CO-JMCR
Transcribing agency CO-JMCR
041 0# - LANGUAGE CODE
Language code of text/sound track or separate title spa
082 04 - DEWEY DECIMAL CLASSIFICATION NUMBER
Classification number A-N
Edition number MERo
100 1# - MAIN ENTRY--PERSONAL NAME
Personal name Merino, José María,
Relator term autor
9 (RLIN) 1219
245 13 - TITLE STATEMENT
Title El oro de los sueños :
Remainder of title crónica de las aventuras verdaderas de Miguel Villacé Yólotl /
Statement of responsibility, etc. José María Merino
260 ## - PUBLICATION, DISTRIBUTION, ETC.
Place of publication, distribution, etc. Bogotá :
Name of publisher, distributor, etc. Alfaguara,
Date of publication, distribution, etc. 1986
300 ## - PHYSICAL DESCRIPTION
Extent 186 páginas :
Other physical details ilustraciones a blanco y negro ;
Dimensions 22 cm.
490 0# - SERIES STATEMENT
Series statement Alfaguara juvenil
520 ## - SUMMARY, ETC.
Summary, etc. Las aventuras de El oro de los sueños se desarrollan a mediados del siglo dieciséis, en el tiempo de la conquista de América por los españoles. Un joven de quince años, Miguel Villacé Yólotl, hijo de uno de los compañeros de Hernán Cortés y de una india mexicana, participa en la búsqueda de un reino misterioso, perdido en el interior de tierras lejanas y salvajes, del que se encuentran fabulosas noticias de oro y riqueza. La azarosa peripecia ayudará al protagonista a comprender mejor el impulso primero de las empresas quiméricas y, sobre todo, a conocerse un poco más a sí mismo.
650 14 - SUBJECT ADDED ENTRY--TOPICAL TERM
Topical term or geographic name entry element Novela española
Chronological subdivision Siglo XX
9 (RLIN) 1220
650 14 - SUBJECT ADDED ENTRY--TOPICAL TERM
Topical term or geographic name entry element Aventuras en la literatura
9 (RLIN) 1221
942 ## - ADDED ENTRY ELEMENTS (KOHA)
Source of classification or shelving scheme Dewey Decimal Classification
Koha item type Books
Existencias
Withdrawn status Lost status Source of classification or shelving scheme Damaged status Not for loan Collection code Home library Current library Date acquired Source of acquisition Cost, normal purchase price Total Checkouts Full call number Barcode Date last seen Date last checked out Copy number Price effective from Koha item type
    Dewey Decimal Classification     Fiction Biblioteca Pública José María del Castillo y Rada Biblioteca Pública José María del Castillo y Rada 07/04/2018 Donación 0.00 1 A-N MERo 201807468 03/05/2020 03/04/2020 Ej.1 11/28/2019 Books